Statistics for hvis du ikke får alle disse riktige er du en idiot

Click here to take the quiz!

General Stats

  • This quiz has been taken 55 times
  • The average score is 4 of 9

Answer Stats

QuestionAnswer% Correct
hva er spesielt med griser?de svetter ikke
80%
hvilke dyr dreper flest mennesker?mygg
78%
hvor mange språk finnes det?2700
55%
hvem av disse mennene var mørkereddThomas Edison
43%
når begynte nintendo å lage spill?1889
35%
hvor mye prosent av hjernen er vann?80
31%
hvor mange spørsmål stiller en gjennomsnittlig 4-åring hver dag400
29%
hva er det farligste yrke i USA?fisker
24%
hvilke land bruker mest mest strømJapan
12%

Score Distribution

Percentile by Number Answered

Percent of People with Each Score

Your Score History

You have not taken this quiz